| 000 | 00366cam a22001217a 4500 | ||
|---|---|---|---|
| 008 | 180718b1963 xxu||||| |||| 00| 0 eng d | ||
| 082 | _aL23103x42 J133 | ||
| 100 | _aJackson, Edward | ||
| 245 |
_aLeading cases on the law of rating _cby Edward jackson |
||
| 260 |
_aLondon _bButerworths _c1963 |
||
| 300 | _axxiv,341p | ||
| 650 | _aTax assessment --Great Britain --Cases. | ||
| 999 |
_c410125 _d410125 |
||